Taylor Swift - Peter Lyrics - Statistics

General Stats
  • This quiz has been taken 283 times
  • The average score is 392 of 434
Answer Stats
Answer % Correct
for
100%
me
100%
Peter
100%
The
99%
the
99%
a
98%
A
98%
Forgive
98%
I
98%
it
98%
said
98%
Said
98%
we
98%
We
98%
were
98%
You
98%
you
98%
come
97%
up
97%
when
97%
When
97%
who
97%
And
96%
and
96%
My
96%
But
95%
but
95%
gonna
95%
grow
95%
lost
95%
Lost
95%
"Lost
95%
of
95%
on
95%
on)
95%
Then
95%
find
94%
that
94%
to
94%
To
94%
(To
94%
was
94%
your
94%
men
93%
never
93%
Never
93%
get
92%
Is
92%
is
92%
did?
91%
did
91%
fearless
89%
keep
89%
by
88%
has
88%
Has
88%
just
88%
know
88%
leader
88%
life
88%
you'd
88%
five
87%
twenty
87%
Boys"
86%
do
86%
hold
86%
(Hold
86%
tried
86%
waited
86%
kids
85%
light
85%
mine
85%
please
85%
woman
85%
days
84%
days)
84%
from
84%
She
84%
she
84%
turned
84%
window
84%
burn
83%
chapter
83%
confess
83%
In
83%
let
83%
somethin'
83%
'Cause
82%
now
82%
out
82%
sits
82%
lamp
81%
oceans
81%
perspective
81%
With
81%
won't
81%
all
80%
As
80%
deep
80%
earned
80%
Promises
80%
return
80%
Than
80%
hoped
79%
tell
79%
always
77%
didn't
77%
ground
77%
love's
77%
easier
76%
feet
76%
goodbye
76%
learned
75%
feeling
74%
lying?
74%
Words
74%
Once
73%
timing
73%
down
72%
wanna
72%
those
71%
us
71%
expired
70%
found
70%
I've
70%
thought
70%
could
68%
fantasies
68%
goddess
67%
like
67%
mouths
67%
different
66%
same
66%
Are
65%
best
65%
galaxies
65%
still
65%
things
65%
masqueraded
64%
mind
64%
around
63%
ribs
63%
Underneath
63%
babes
62%
reader?
62%
shelf
62%
trying
62%
jet
61%
moon
61%
hang
60%
natural
60%
stream
60%
both
59%
closets
59%
great
59%
heard
59%
gets
58%
sometimes
58%
stealer?
58%
crossing
57%
beguiling
56%
cedar
55%
scene
55%
Preserved
51%
No matching quizzes found
Score Distribution
Percent of People with Each Score
Percentile by Number Answered
Your Score History
You have not taken this quiz